00514nam a22000977a 4500008004100000010001200041245007400053260000900127500014100136500013900277110616t xxu||||| |||| 00| 0 eng d aCACAF46 aCourt of Appeal Criminal Appeal No. 26 OF 2000 Nkojo Murro Vs Uganda  c2000 aCoram: Hon. Mr. Justice J.P. Berko, JA Hon. Mr. Justice A. Twinomujuni, JA. Hon. Lady Justice C.N.B. Kitumba, JA aAppeal from the judgement of the High Court of Uganda at Fort Portal Mwangusya, J. dated 4th May 2000 in Criminal Appeal No. DR 2/2000